<?xml version="1.0" encoding="UTF-8"?>
<record
    xmlns:xsi="http://www.w3.org/2001/XMLSchema-instance"
    xsi:schemaLocation="http://www.loc.gov/MARC21/slim http://www.loc.gov/standards/marcxml/schema/MARC21slim.xsd"
    xmlns="http://www.loc.gov/MARC21/slim">

  <leader>03610nam a22002897a 4500</leader>
  <controlfield tag="003">DO-CoUTE</controlfield>
  <controlfield tag="005">20260511142302.0</controlfield>
  <controlfield tag="008">260511b        dr ||||| |||| 00| 0 spa d</controlfield>
  <datafield tag="040" ind1=" " ind2=" ">
    <subfield code="a">DO-CoUTE</subfield>
    <subfield code="b">spa</subfield>
    <subfield code="c">DO-CoUTE</subfield>
  </datafield>
  <datafield tag="041" ind1=" " ind2=" ">
    <subfield code="a">spa</subfield>
  </datafield>
  <datafield tag="092" ind1=" " ind2=" ">
    <subfield code="a">ING 2025 R15</subfield>
  </datafield>
  <datafield tag="100" ind1="1" ind2=" ">
    <subfield code="a">Ramos S&#xE1;nchez, Leifherf L</subfield>
    <subfield code="e">Sustentante </subfield>
  </datafield>
  <datafield tag="245" ind1="1" ind2="0">
    <subfield code="a">Protocolos de Seguridad para Trabajos en Alturas de Construcciones Residenciales en el Municipio de Cotu&#xED;. / </subfield>
    <subfield code="c">Leifherf L. Ramos S&#xE1;nchez, Ydaliza Del C. Fabian C&#xE1;ceres, Esteban Suarez Ortega, Jean Carlos Ovalle Adames, Gregorio V&#xE1;squez Ledesma ; Asesor, Rafael Eugenio Robles</subfield>
  </datafield>
  <datafield tag="260" ind1=" " ind2=" ">
    <subfield code="a">Cotu&#xED;, Rep&#xFA;blica Dominicana ; </subfield>
    <subfield code="b">UTECO, </subfield>
    <subfield code="c">2025</subfield>
  </datafield>
  <datafield tag="300" ind1=" " ind2=" ">
    <subfield code="a">155 Hojas : </subfield>
    <subfield code="c">23cm </subfield>
    <subfield code="e">+ 1 CD-ROM</subfield>
  </datafield>
  <datafield tag="502" ind1=" " ind2=" ">
    <subfield code="a"> Trabajo de Grados ( Ingeniero Civil ) Universidad Tecnol&#xF3;gica del Cibao Oriental, 2025</subfield>
  </datafield>
  <datafield tag="504" ind1=" " ind2=" ">
    <subfield code="a"> Incluye referencia bibliogr&#xE1;fica e &#xED;ndice.

</subfield>
  </datafield>
  <datafield tag="520" ind1=" " ind2=" ">
    <subfield code="a">El presente proyecto trata sobre Protocolos de Seguridad para Trabajos en Alturas de
Construcciones Residenciales en el Municipio de Cotu&#xED;. En este orden, luego de realizar un
diagn&#xF3;stico en el municipio de Cotu&#xED;, con el prop&#xF3;sito de &#x201C;Identificar y caracterizar las condiciones
existentes en materia de seguridad para trabajos en altura en construcciones residenciales del
municipio de Cotu&#xED;&#x201D;, se estableci&#xF3; como problem&#xE1;tica principal a abordar fue &#x201C;el uso deficiente
de equipos de protecci&#xF3;n personal&#x201D;. En tal sentido, se elabor&#xF3; una propuesta para la
implementaci&#xF3;n de un Programa Integral de Uso y Supervisi&#xF3;n de Equipos de Protecci&#xF3;n Personal
(EPP), dise&#xF1;ado como una herramienta t&#xE9;cnica, educativa y operativa que articula procesos de
capacitaci&#xF3;n, supervisi&#xF3;n constante, control de cumplimiento y documentaci&#xF3;n de pr&#xE1;cticas
seguras.
Al finalizar el desarrollo del proyecto se lleg&#xF3; a las siguientes conclusiones: el proyecto
permite afirmar que la puesta en marcha del protocolo desarrollado podr&#xE1; contribuir de forma
significativa a reducir accidentes, mejorar las condiciones laborales y elevar los est&#xE1;ndares de
seguridad en el sector de la construcci&#xF3;n residencial en Cotu&#xED;, siempre que exista un compromiso
institucional real por parte de empresas, maestros de obra, encargados de seguridad y trabajadores. 
Adem&#xE1;s, la adaptaci&#xF3;n de este modelo servir&#xE1; como referencia para otros municipios de la
provincia S&#xE1;nchez Ram&#xED;rez y para futuras investigaciones que busquen avanzar en la
consolidaci&#xF3;n de ambientes laborales m&#xE1;s seguros, sostenibles y alineados a las normativas
nacionales (como la Ley 87-01, el Reglamento 522-06 y las resoluciones del Ministerio de
Trabajo) y est&#xE1;ndares internacionales (OSHA, ILO y EU-OSHA).
En conclusi&#xF3;n, el protocolo propuesto no solo responde a una necesidad t&#xE9;cnica, sino
tambi&#xE9;n social y &#xE9;tica: proteger la vida y salud de los trabajadores, promover entornos de trabajo
dignos y fortalecer la cultura preventiva en el sector construcci&#xF3;n. Su implementaci&#xF3;n sistem&#xE1;tica
se convierte en un aporte concreto a la mejora de la gesti&#xF3;n de riesgos laborales en la regi&#xF3;n y
contribuye directamente al desarrollo sostenible y seguro del municipio de Cotu&#xED;.</subfield>
  </datafield>
  <datafield tag="650" ind1=" " ind2="4">
    <subfield code="a">Protocolo de seguridad </subfield>
  </datafield>
  <datafield tag="700" ind1="1" ind2=" ">
    <subfield code="a">Leifherf L. Ramos S&#xE1;nchez</subfield>
    <subfield code="e">Sustentante </subfield>
  </datafield>
  <datafield tag="700" ind1="1" ind2=" ">
    <subfield code="a">Ydaliza Del C. Fabian C&#xE1;ceres</subfield>
    <subfield code="e">Sustentante </subfield>
  </datafield>
  <datafield tag="700" ind1="1" ind2=" ">
    <subfield code="a">Esteban Suarez Ortega</subfield>
    <subfield code="e">Sustentante </subfield>
  </datafield>
  <datafield tag="700" ind1="1" ind2=" ">
    <subfield code="a">Rafael Eugenio Robles</subfield>
    <subfield code="e">Asesor </subfield>
  </datafield>
  <datafield tag="830" ind1=" " ind2=" ">
    <subfield code="a">Tesis y disertaciones acad&#xE9;micas (Universidad Tecnol&#xF3;gica del Cibao Oriental)</subfield>
  </datafield>
  <datafield tag="856" ind1=" " ind2=" ">
    <subfield code="y">Haga Click Aqu&#xED; para Descargar en Texto Completo</subfield>
  </datafield>
  <datafield tag="942" ind1=" " ind2=" ">
    <subfield code="2">ddc</subfield>
    <subfield code="c">TH</subfield>
  </datafield>
  <datafield tag="999" ind1=" " ind2=" ">
    <subfield code="c">24183</subfield>
    <subfield code="d">24183</subfield>
  </datafield>
  <datafield tag="952" ind1=" " ind2=" ">
    <subfield code="0">0</subfield>
    <subfield code="1">0</subfield>
    <subfield code="2">ddc</subfield>
    <subfield code="4">0</subfield>
    <subfield code="7">0</subfield>
    <subfield code="8">eT</subfield>
    <subfield code="a">BU</subfield>
    <subfield code="b">BU</subfield>
    <subfield code="c">GEN</subfield>
    <subfield code="d">2026-05-11</subfield>
    <subfield code="i">24183</subfield>
    <subfield code="l">0</subfield>
    <subfield code="o">ING 2025 R15</subfield>
    <subfield code="p">24183</subfield>
    <subfield code="r">2026-05-11 14:23:49</subfield>
    <subfield code="t">Ej.1</subfield>
    <subfield code="w">2026-05-11</subfield>
    <subfield code="y">TH</subfield>
  </datafield>
</record>
